Small is Beautiful : A study of Economics as if People Mattered /

שמור ב:
מידע ביבליוגרפי
מחבר ראשי: Schumacher, E.F (autor)
פורמט: ספר
שפה:אנגלית
יצא לאור: Londres, Inglaterra : Blond and Briggs, 1974, c1973
תגים: הוספת תג
אין תגיות, היה/י הראשונ/ה לתייג את הרשומה!

MARC

LEADER 00000nam^a2200000^a^4500
001 000422141
005 20250526000000.0
009 20260310122554.981
022 |a 85634-012-X 
037 |a Acervo ITESO - Biblioteca 
041 |a ING 
091 |a FHM. 00480 
100 |a Schumacher, E.F.  |e (autor) 
245 1 0 |a Small is Beautiful :  |b A study of Economics as if People Mattered / 
264 4 |a Londres, Inglaterra :  |b Blond and Briggs,  |c 1974, c1973 
300 |a 288 p. ;  |c 22.5 cm. 
336 |a texto  |b txt  |2 rdacontenido 
337 |a sin mediación  |b n  |2 rdamedio 
338 |a volumen  |b nc  |2 rdasoporte 
649 |a XX 
910 |a Fondo Hugo B. Margáin 
920 |a Impresos - Libros 
930 |a Libros Antiguos y Raros 
905 |a 126 
901 |a 0500308005  |b IT2  |c LRA  |i D111705  |u 20250526 
902 |a https://opac.biblio.iteso.mx/vufind/Record/000422141